[Event "Pobeskydi 2024"]
[Site "Frydek-Mistek, Czech Republic"]
[Date "2024.03.31"]
[Round "8.6"]
[White "Swicarz, Maciej"]
[Black "Trojan, Matyas"]
[Result "1-0"]
[WhiteElo "2251"]
[BlackElo "1971"]
[PlyCount "107"]
[EventDate "2024.??.??"]

1. Nf3 Nf6 2. b3 d5 3. Bb2 Bf5 4. e3 e6 5. Be2 c5 6. Nh4 Bg6 7. d3 Nc6 8. g4
Bd6 9. h3 Qc7 10. Nd2 e5 11. Bf3 d4 12. g5 dxe3 13. fxe3 e4 14. gxf6 Bg3+ 15.
Kf1 Bxh4 16. fxg7 Rg8 17. Bxe4 Ne5 18. Nf3 Bf6 19. Bxg6 fxg6 20. Nxe5 Bxe5 21.
Bxe5 Qxe5 22. Kg2 Rxg7 23. Rf1 O-O-O 24. Qg4+ Rgd7 25. Rae1 h5 26. Qf4 Qb2 27.
Qc4 Rxd3 28. Qxc5+ Kb8 29. Re2 R3d5 30. Qe7 Qc3 31. Rf8 Rxf8 32. Qxf8+ Kc7 33.
Qf4+ Kb6 34. e4 Ra5 35. a4 Qe5 36. Qxe5 Rxe5 37. h4 Kc5 38. Kf3 Kd6 39. Kf4 Ke6
40. Rg2 Rc5 41. Rxg6+ Kf7 42. Rg5 Rxc2 43. Rxh5 Kg6 44. Rd5 Rb2 45. Rb5 b6 46.
a5 bxa5 47. Rxa5 Rxb3 48. Ra6+ Kh5 49. Rxa7 Kg6 50. Ra6+ Kh5 51. e5 Rb8 52. Kf5
Kxh4 53. Rh6+ Kg3 54. e6 1-0

[Event "Pobeskydi 2024"]
[Site "Frydek-Mistek, Czech Republic"]
[Date "2024.03.31"]
[Round "8.8"]
[White "Buckland, Louis"]
[Black "Jires, Jiri"]
[Result "0-1"]
[WhiteElo "1839"]
[BlackElo "2153"]
[PlyCount "112"]
[EventDate "2024.??.??"]

1. d4 Nf6 2. c4 e6 3. g3 c5 4. e3 d5 5. cxd5 Qxd5 6. Nf3 cxd4 7. exd4 Bb4+ 8.
Nc3 Nc6 9. Bg2 Qc4 10. Qb3 Qxb3 11. axb3 O-O 12. O-O Rd8 13. Be3 Ne7 14. Bg5 h6
15. Bxf6 gxf6 16. Rfd1 Bd7 17. Ne1 Bc6 18. Nc2 Bxg2 19. Kxg2 Bd6 20. Ne4 Nd5
21. Nxd6 Rxd6 22. Ne3 a6 23. Rd2 Rad8 24. Rad1 Kg7 25. Kf3 Nb4 26. Ke2 Kg6 27.
h4 f5 28. Nc4 Rd5 29. Ne5+ Kg7 30. Nc4 Nc6 31. Ke3 Kf6 32. Na3 f4+ 33. gxf4 Ne7
34. Nc4 Rf5 35. Ne5 Nd5+ 36. Ke2 Nxf4+ 37. Ke3 Ng2+ 38. Ke2 h5 39. Rc2 Nf4+ 40.
Ke3 Nd5+ 41. Ke2 Rf4 42. Nf3 Rd6 43. Rc8 Rb6 44. Rd3 Re4+ 45. Kd2 Nf4 46. Re3
Rxe3 47. fxe3 Rxb3 48. Ne5 Ng6 49. Nc4 b5 50. Nd6 Rxb2+ 51. Kc3 Rb1 52. Ra8
Nxh4 53. Rxa6 Nf5 54. Kc2 Rh1 55. Nxb5 Nxe3+ 56. Kd3 Nd5 0-1

[Event "Pobeskydi 2024"]
[Site "Frydek-Mistek, Czech Republic"]
[Date "2024.03.31"]
[Round "8.1"]
[White "Mica, Marek"]
[Black "Kratochvil, Vit"]
[Result "1-0"]
[WhiteElo "2368"]
[BlackElo "2203"]
[PlyCount "43"]
[EventDate "2024.??.??"]

1. c4 c5 2. Nc3 g6 3. Nf3 Bg7 4. g3 Nc6 5. Bg2 d6 6. O-O Bg4 7. h3 Bd7 8. d3
Qc8 9. Kh2 h5 10. Be3 Nh6 11. Rb1 h4 12. Nxh4 Bf6 13. Qd2 Ng8 14. Bg5 Bxg5 15.
Qxg5 Rh5 16. Qd2 Nd4 17. f4 Nf6 18. Nd5 Nh7 19. e3 Ne6 20. Qc3 Rb8 21. Bf3 Kf8
22. Qh8# 1-0

[Event "Pobeskydi 2024"]
[Site "Frydek-Mistek, Czech Republic"]
[Date "2024.03.31"]
[Round "8.5"]
[White "Stevik, Patrik"]
[Black "Tolmacevs, Artjoms"]
[Result "1/2-1/2"]
[WhiteElo "2167"]
[BlackElo "2028"]
[PlyCount "83"]
[EventDate "2024.??.??"]

1. Nc3 c5 2. Nf3 d6 3. e4 Nf6 4. Bc4 e6 5. O-O Be7 6. Re1 O-O 7. d3 Nbd7 8. a4
a6 9. Bf4 b6 10. h3 Bb7 11. Ba2 Re8 12. Ne2 Nf8 13. Ng3 Ng6 14. Bd2 Qc7 15. c3
Rac8 16. h4 Ne5 17. Nxe5 dxe5 18. Bg5 h6 19. Bxf6 Bxf6 20. Qg4 Qe7 21. Nh5 g6
22. Nxf6+ Qxf6 23. Bc4 h5 24. Qg5 Kg7 25. Re3 Qxg5 26. hxg5 Bc6 27. g3 Ra8 28.
Kf1 Rh8 29. Bb3 h4 30. g4 Rad8 31. Rh3 Rd6 32. Ke2 f6 33. gxf6+ Kxf6 34. Bc4 g5
35. Rf3+ Ke7 36. Bb3 Rd7 37. Rh3 Rhd8 38. c4 Rb8 39. Ke3 Rd4 40. Rhh1 Rbd8 41.
Bc2 R4d7 42. b3 1/2-1/2

[Event "Pobeskydi 2024"]
[Site "Frydek-Mistek, Czech Republic"]
[Date "2024.03.31"]
[Round "8.3"]
[White "Buchtova, Viktorie"]
[Black "Walek, Petr"]
[Result "0-1"]
[WhiteElo "1874"]
[BlackElo "2272"]
[PlyCount "66"]
[EventDate "2024.??.??"]

1. e4 c5 2. Nf3 d6 3. d4 cxd4 4. Nxd4 Nf6 5. Nc3 g6 6. Be3 Nc6 7. f3 h5 8. Bc4
Bd7 9. Qd2 Bg7 10. h4 Ne5 11. Bb3 Rb8 12. O-O-O b5 13. Kb1 a5 14. Nd5 a4 15.
Nxf6+ Bxf6 16. Bd5 e6 17. f4 exd5 18. fxe5 dxe5 19. Nf3 d4 20. Bf2 b4 21. Bg3
Rb5 22. Rhf1 O-O 23. Qe2 Qe7 24. Bf2 Rc5 25. Nh2 Bb5 26. Rd3 Rfc8 27. Nf3 Rxc2
28. Qxc2 Rxc2 29. Kxc2 Qc5+ 30. Kd2 Bxd3 31. Rc1 Qb5 32. b3 axb3 33. axb3 Bxe4
0-1

[Event "Pobeskydi 2024"]
[Site "Frydek-Mistek, Czech Republic"]
[Date "2024.03.31"]
[Round "8.4"]
[White "Brejnik, Gustav"]
[Black "Witkowski, Jedrzej"]
[Result "1-0"]
[WhiteElo "2265"]
[BlackElo "1701"]
[PlyCount "31"]
[EventDate "2024.??.??"]

1. d4 Nf6 2. c4 g6 3. g3 Bg7 4. Bg2 O-O 5. Nc3 d6 6. Nf3 c5 7. O-O Nc6 8. d5
Nb4 9. h3 Re8 10. Ne1 e6 11. a3 Na6 12. dxe6 Rxe6 13. Nd3 Nc7 14. Nxc5 Re8 15.
Nxb7 Bxb7 16. Bxb7 1-0

[Event "Pobeskydi 2024"]
[Site "?"]
[Date "2024.03.31"]
[Round "8.9"]
[White "Kultucki, Kamil"]
[Black "Kolasinski, Krzysztof"]
[Result "0-1"]
[WhiteElo "1666"]
[BlackElo "2070"]
[PlyCount "60"]
[EventDate "2024.03.28"]

1. d4 Nf6 2. c4 c5 3. d5 b5 4. cxb5 a6 5. Nc3 axb5 6. Nxb5 Ba6 7. Nc3 g6 8. Nf3
d6 9. g3 Bg7 10. Bg2 O-O 11. O-O Nbd7 12. Re1 Qa5 13. e4 Ng4 14. Qc2 Rfb8 15.
Bd2 Qb6 16. Na4 Qa7 17. Bc3 Nge5 18. Nxe5 Nxe5 19. Bxe5 Bxe5 20. f4 Bd3 21. Qd2
Bd4+ 22. Kh1 Qxa4 23. Qxd3 Bxb2 24. Rab1 c4 25. Qd1 c3 26. Re2 Qxa2 27. Qc2
Qxb1+ 28. Qxb1 Ra1 29. Qxa1 Bxa1 30. Re1 c2 0-1

[Event "Pobeskydi 2024"]
[Site "?"]
[Date "2024.03.31"]
[Round "8.10"]
[White "Fizer, Marek"]
[Black "Majcher, Igor"]
[Result "1-0"]
[WhiteElo "2058"]
[BlackElo "1858"]
[PlyCount "49"]
[EventDate "2024.03.28"]

1. e4 c5 2. Nf3 d6 3. Bb5+ Nd7 4. d4 cxd4 5. Qxd4 Ngf6 6. Bg5 a6 7. Bxd7+ Bxd7
8. c4 h6 9. Bxf6 gxf6 10. O-O Rg8 11. Nc3 Bg4 12. Qd3 Rc8 13. Nd4 h5 14. b3 Bg7
15. h3 Bd7 16. Nf5 Bf8 17. Rfe1 Rc6 18. Rad1 e6 19. Qf3 Rg5 20. Nd5 Rc8 21.
Nxd6+ Bxd6 22. Nxf6+ Ke7 23. Nxd7 Qxd7 24. e5 Rc6 25. Qf6+ 1-0

[Event "Pobeskydi 2024"]
[Site "?"]
[Date "2024.03.31"]
[Round "8.11"]
[White "Bulej, Matej"]
[Black "Policar, Martin"]
[Result "1-0"]
[WhiteElo "2057"]
[BlackElo "1758"]
[PlyCount "45"]
[EventDate "2024.03.28"]

1. d4 Nf6 2. Nf3 g6 3. c4 Bg7 4. Nc3 d5 5. h3 O-O 6. e3 c5 7. Be2 Nc6 8. O-O
dxc4 9. Bxc4 cxd4 10. exd4 Bf5 11. a3 Rc8 12. Be3 a6 13. Ba2 b5 14. Rc1 b4 15.
Na4 Qa5 16. Rc4 Qd8 17. d5 Nb8 18. axb4 Ne4 19. Rxc8 Qxc8 20. Nd4 Be5 21. Nxf5
Qxf5 22. Bb1 Bc7 23. Nc5 1-0

[Event "Pobeskydi 2024"]
[Site "?"]
[Date "2024.03.31"]
[Round "8.12"]
[White "Zezula, Jakub"]
[Black "Staniczek, Kacper"]
[Result "0-1"]
[WhiteElo "2031"]
[BlackElo "1729"]
[PlyCount "128"]
[EventDate "2024.03.28"]

1. e4 e5 2. Nf3 Nc6 3. Bb5 Bc5 4. O-O Nd4 5. Nxd4 Bxd4 6. d3 c6 7. Ba4 d6 8. c3
Bb6 9. Nd2 Nf6 10. h3 O-O 11. Nf3 h6 12. Re1 Re8 13. Bc2 Bc7 14. d4 b5 15. a4
Bb7 16. axb5 cxb5 17. d5 Bb6 18. Bd3 a6 19. Nh4 Nxd5 20. Nf5 Ne7 21. Ng3 d5 22.
Qh5 dxe4 23. Bxe4 Bxe4 24. Nxe4 Nd5 25. Bd2 Nf6 26. Nxf6+ Qxf6 27. Be3 Bxe3 28.
Rxe3 Re6 29. Qe2 Rae8 30. c4 bxc4 31. Qxc4 e4 32. Qe2 Qe5 33. Rxa6 Rxa6 34.
Qxa6 Qxb2 35. Qc4 Qa1+ 36. Kh2 Qe5+ 37. g3 Qf5 38. Kg2 Qe6 39. Qxe6 Rxe6 40. h4
f5 41. Ra3 Kf7 42. Ra7+ Kf6 43. Rb7 g5 44. hxg5+ hxg5 45. Rb8 Rc6 46. Rb2 Rd6
47. Rc2 Ke5 48. Ra2 Rd5 49. Kf1 f4 50. gxf4+ gxf4 51. Rb2 Kf5 52. Ra2 Kg4 53.
Ra8 Kf3 54. Ke1 Rh5 55. Ra3+ e3 56. fxe3 fxe3 57. Kd1 Rh1+ 58. Kc2 Kf2 59. Ra8
e2 60. Rf8+ Kg3 61. Rg8+ Kf4 62. Rf8+ Kg5 63. Rg8+ Kf6 64. Rf8+ Kg7 0-1

[Event "Pobeskydi 2024"]
[Site "?"]
[Date "2024.03.31"]
[Round "8.13"]
[White "Kondula, Dominik"]
[Black "Orzechowski, Jacek"]
[Result "1-0"]
[WhiteElo "1859"]
[BlackElo "2067"]
[PlyCount "71"]
[EventDate "2024.03.28"]

1. d4 Nf6 2. c4 c5 3. d5 g6 4. Nc3 d6 5. e4 Bg7 6. h3 O-O 7. Nf3 e6 8. Bd3 Na6
9. O-O e5 10. a3 h6 11. Rb1 Nh7 12. Nh2 f5 13. f4 exf4 14. Bxf4 g5 15. Bd2 f4
16. e5 dxe5 17. Re1 Bf5 18. Qc2 Qd7 19. Re2 Rae8 20. Rbe1 h5 21. Nf3 Bxd3 22.
Qxd3 Qf5 23. Qxf5 Rxf5 24. Ne4 Rd8 25. Bc3 g4 26. Nh4 Rf7 27. hxg4 hxg4 28. Nf2
f3 29. gxf3 gxf3 30. Re3 Rf4 31. Nxf3 Rdf8 32. Kg2 Rxc4 33. Nxe5 Rcf4 34. Nh3
R4f5 35. Ng6 Bd4 36. Ne7+ 1-0

[Event "Pobeskydi 2024"]
[Site "?"]
[Date "2024.03.31"]
[Round "8.14"]
[White "Lecki, Leonard"]
[Black "Sigut, Ondrej"]
[Result "1/2-1/2"]
[WhiteElo "2038"]
[BlackElo "1855"]
[PlyCount "53"]
[EventDate "2024.03.28"]

1. e4 e6 2. d4 d5 3. Bd3 Nf6 4. e5 Nfd7 5. Ne2 c5 6. c3 Nc6 7. Nd2 Qb6 8. Nf3
cxd4 9. cxd4 Be7 10. O-O O-O 11. b3 a6 12. Bg5 Re8 13. Bxe7 Nxe7 14. Rc1 Nf8
15. Ng3 Bd7 16. a4 Rec8 17. Nh5 Neg6 18. g4 h6 19. h4 Rxc1 20. Qxc1 Qxb3 21.
Nf6+ gxf6 22. exf6 Nf4 23. Ne5 Qxd3 24. Qxf4 Qh7 25. h5 Rc8 26. Kh2 Bxa4 27. g5
1/2-1/2

[Event "Pobeskydi 2024"]
[Site "?"]
[Date "2024.03.31"]
[Round "8.15"]
[White "Marjanovic, Alex"]
[Black "Kaplanova, Dominika"]
[Result "1-0"]
[WhiteElo "2020"]
[BlackElo "1837"]
[PlyCount "151"]
[EventDate "2024.03.28"]

1. d4 Nf6 2. Bf4 e6 3. e3 d5 4. Nf3 Bd6 5. Bg3 O-O 6. c3 b6 7. Bd3 c5 8. Nbd2
Bb7 9. Qe2 Ne4 10. Rd1 f5 11. Bxd6 Qxd6 12. Ne5 Nd7 13. Ndf3 c4 14. Bc2 b5 15.
Nxd7 Qxd7 16. Ne5 Qe7 17. f4 Nf6 18. g4 fxg4 19. Nxg4 Nxg4 20. Qxg4 Rf6 21. Qh4
h6 22. Rg1 Kf8 23. Rd2 Rf7 24. Qh5 Rf6 25. Rdg2 Rc8 26. Kd2 Rc7 27. Qe5 Rf7 28.
Rg6 Qh4 29. R1g2 Bc8 30. Bd1 Qd8 31. Bg4 Rf6 32. Bxe6 Rxg6 33. Rxg6 Bxe6 34.
Qxe6 Qh4 35. Rg2 Qd8 36. Rg6 Qh4 37. Qd6+ Re7 38. Qd8+ Kf7 39. Rg2 Qh5 40.
Rxg7+ Kxg7 41. Qxe7+ Kg8 42. Qe6+ Kf8 43. Qf6+ Kg8 44. Qd8+ Kf7 45. Qd7+ Kf6
46. Qc6+ Kg7 47. Qc7+ Kg6 48. Qd6+ Kf7 49. f5 Qxf5 50. Qf4 Kg6 51. Qxf5+ Kxf5
52. Ke1 h5 53. Kf2 Ke4 54. Ke2 h4 55. Kf2 a6 56. Ke2 a5 57. a3 h3 58. Kf2 Kd3
59. Kf3 Kc2 60. e4 dxe4+ 61. Kxe4 Kxb2 62. d5 Kxc3 63. d6 Kb2 64. d7 c3 65.
d8=Q c2 66. Qd2 Kb1 67. Qd3 a4 68. Ke3 b4 69. Kd2 b3 70. Qc3 Ka2 71. Kc1 Kxa3
72. Qc5+ Ka2 73. Qb4 a3 74. Qb5 b2+ 75. Kxc2 Ka1 76. Qf1+ 1-0

[Event "Pobeskydi 2024"]
[Site "?"]
[Date "2024.04.01"]
[Round "9.9"]
[White "Witkowski, Jedrzej"]
[Black "Buchta, Bartolomej"]
[Result "0-1"]
[WhiteElo "1701"]
[BlackElo "1913"]
[PlyCount "50"]
[EventDate "2024.03.28"]

1. e4 c5 2. Nf3 d6 3. Bb5+ Nd7 4. a4 Ngf6 5. Nc3 g6 6. a5 Bg7 7. O-O O-O 8. Re1
Ng4 9. d4 cxd4 10. Nxd4 Nc5 11. h3 Nf6 12. Nf3 a6 13. Bf1 b6 14. axb6 Qxb6 15.
e5 dxe5 16. Nxe5 Bb7 17. Nc4 Qc7 18. Na5 Ne6 19. Nxb7 Qxb7 20. Bc4 Rfd8 21. Bd2
Bh6 22. Bxh6 Rxd1 23. Rexd1 Qxb2 24. Rxa6 Rxa6 25. Bxe6 Ra1 0-1

[Event "Pobeskydi 2024"]
[Site "?"]
[Date "2024.04.01"]
[Round "9.10"]
[White "Zimny, Jakub"]
[Black "Buchtova, Viktorie"]
[Result "1-0"]
[WhiteElo "1826"]
[BlackElo "1874"]
[PlyCount "57"]
[EventDate "2024.03.28"]

1. e4 c5 2. Nf3 Nc6 3. d4 cxd4 4. Nxd4 g6 5. Nc3 Bg7 6. Be3 Nf6 7. Bc4 Qa5 8.
f3 O-O 9. Bb3 d6 10. Qd2 Bd7 11. O-O-O Ne5 12. Kb1 Qc7 13. g4 a5 14. a4 Nc4 15.
Bxc4 Qxc4 16. b3 Qb4 17. g5 Nh5 18. Nd5 Qa3 19. Nxe7+ Kh8 20. Qc1 Qc5 21. Nd5
Rg8 22. Ne6 Qc8 23. Nxg7 Nxg7 24. Bd4 Qd8 25. Qb2 Be6 26. Bf6 Qd7 27. Nb6 Qe8
28. Nxa8 Qxa8 29. h4 1-0

[Event "Pobeskydi 2024"]
[Site "?"]
[Date "2024.04.01"]
[Round "9.11"]
[White "Halhoul, Adam"]
[Black "Kondula, Dominik"]
[Result "0-1"]
[WhiteElo "1859"]
[BlackElo "1859"]
[PlyCount "80"]
[EventDate "2024.03.28"]

1. d4 d5 2. c4 e5 3. e3 exd4 4. exd4 Nc6 5. cxd5 Qxd5 6. Nf3 Bg4 7. Nc3 Bb4 8.
Bd2 Qe6+ 9. Be3 O-O-O 10. Be2 Bxf3 11. Bxf3 Nxd4 12. O-O Nxf3+ 13. Qxf3 Bxc3
14. bxc3 Kb8 15. Rfe1 Qc4 16. Bd4 f6 17. Re4 Qc6 18. Rb1 b6 19. Qe2 Nh6 20. Re1
Nf5 21. Re6 Nxd4 22. cxd4 Qd5 23. Re7 g6 24. Rc1 Rd7 25. Rxd7 Qxd7 26. Qc4 Rd8
27. h3 Qd6 28. a4 Rd7 29. a5 Qxd4 30. Qg8+ Kb7 31. a6+ Kxa6 32. Qc8+ Ka5 33.
Rb1 Qa4 34. Kh2 c5 35. Qa8 c4 36. Qf3 Ka6 37. Qxf6 Kb7 38. Ra1 Qb5 39. Qf3+ Qd5
40. Qa3 Qd6+ 0-1

[Event "Pobeskydi 2024"]
[Site "?"]
[Date "2024.04.01"]
[Round "9.12"]
[White "Sikora, Jan"]
[Black "Halhoul, Kamil"]
[Result "0-1"]
[WhiteElo "2142"]
[BlackElo "1637"]
[PlyCount "136"]
[EventDate "2024.03.28"]

1. e4 c5 2. Ne2 d6 3. g3 Nf6 4. Bg2 g6 5. O-O Bg7 6. c3 e5 7. d4 O-O 8. h3 h6
9. Be3 Qe7 10. Nd2 b6 11. a4 a5 12. Qb3 Nbd7 13. f4 Ba6 14. Rf2 Rab8 15. fxe5
dxe5 16. d5 c4 17. Qc2 Ne8 18. Nc1 Nd6 19. g4 Kh8 20. Nf1 Rg8 21. Ng3 Bf6 22.
Kh2 Bg5 23. Qd2 Kg7 24. Qe2 Rbf8 25. b4 cxb3 26. Bxg5 hxg5 27. Qxa6 b5 28. Qxa5
Ra8 29. Qb4 bxa4 30. Rxa4 Rxa4 31. Qxa4 Nc5 32. Qb4 Qa7 33. c4 Rb8 34. Qc3 f6
35. Qf3 Ne8 36. Rb2 Qa1 37. Nxb3 Qxb2 38. Nxc5 Qc1 39. Ne6+ Kh6 40. Qf1 Qc3 41.
c5 Rb3 42. Ne2 Qc4 43. c6 Rb2 44. Ng3 Qc2 45. c7 Nd6 46. Nd8 Kg7 47. Nc6 Nc8
48. Qf3 Qd2 49. Nf1 Qc2 50. Ne3 Qc1 51. Nd8 Rb1 52. Ne6+ Kh6 53. Qf2 Ra1 54.
Nc2 Rb1 55. Qxf6 Qg1+ 56. Kg3 Rb3+ 57. Qf3 Rxf3+ 58. Kxf3 Qd1+ 59. Kg3 Qxc2 60.
Bf3 Nd6 61. Bg2 Qc3+ 62. Kh2 Qc4 63. Bf3 Qa6 64. Bg2 Qc8 65. h4 gxh4 66. g5+
Kh7 67. Kh3 Ne8 68. Kxh4 Nxc7 0-1

[Event "Pobeskydi 2024"]
[Site "?"]
[Date "2024.04.01"]
[Round "9.13"]
[White "Majcher, Igor"]
[Black "Lecki, Leonard"]
[Result "1/2-1/2"]
[WhiteElo "1858"]
[BlackElo "2038"]
[PlyCount "70"]
[EventDate "2024.03.28"]

1. c4 e5 2. Nc3 Nf6 3. d3 d5 4. cxd5 Nxd5 5. Nf3 Nc6 6. g3 Be7 7. Bd2 Nb6 8.
Bg2 O-O 9. O-O Be6 10. a3 a5 11. Rc1 a4 12. Be3 Bb3 13. Qe1 f5 14. Bxb6 cxb6
15. Nd2 Be6 16. Nc4 e4 17. Rd1 Nd4 18. Qd2 Qc7 19. dxe4 Nb3 20. Nd5 Qxc4 21.
Nxe7+ Kf7 22. Qd6 Rad8 23. Nxf5 Bxf5 24. Qf4 Nd4 25. Kh1 g5 26. Rxd4 Qxd4 27.
Qxf5+ Kg8 28. Qxg5+ Kh8 29. e5 Qxb2 30. Qh5 Qc2 31. e6 Qf5 32. Qxf5 Rxf5 33. f4
Kg7 34. e4 Rc5 35. e5 Kf8 1/2-1/2

[Event "Pobeskydi 2024"]
[Site "?"]
[Date "2024.04.01"]
[Round "9.14"]
[White "Sigut, Ondrej"]
[Black "Zezula, Jakub"]
[Result "1-0"]
[WhiteElo "1855"]
[BlackElo "2031"]
[PlyCount "65"]
[EventDate "2024.03.28"]

1. e4 e5 2. Nf3 Nc6 3. Bb5 a6 4. Ba4 Nf6 5. Qe2 b5 6. Bb3 Be7 7. O-O O-O 8. c3
d5 9. d3 Bg4 10. Rd1 d4 11. h3 Bxf3 12. Qxf3 Na5 13. Bc2 c5 14. Nd2 Qc7 15. Nf1
Rfd8 16. Bd2 c4 17. Ng3 Nc6 18. Nf5 Bf8 19. Rac1 dxc3 20. Bxc3 b4 21. Bd2 Nd4
22. Nxd4 Rxd4 23. Bb3 Qd7 24. Bxc4 a5 25. Be3 Rd6 26. Bc5 Rc6 27. Bxf8 Rxf8 28.
Bb5 Rxc1 29. Bxd7 Rxd1+ 30. Qxd1 Nxd7 31. d4 exd4 32. Qxd4 Nf6 33. e5 1-0

[Event "Pobeskydi 2024"]
[Site "?"]
[Date "2024.04.01"]
[Round "9.15"]
[White "Marjanovic, Gyorgy"]
[Black "Buckland, Louis"]
[Result "1-0"]
[WhiteElo "2011"]
[BlackElo "1839"]
[PlyCount "89"]
[EventDate "2024.03.28"]

1. e4 c6 2. d4 d5 3. Nc3 dxe4 4. Nxe4 Nf6 5. Nxf6+ exf6 6. c3 Bd6 7. Bd3 O-O 8.
Qc2 h5 9. Ne2 Re8 10. O-O h4 11. h3 Nd7 12. Bf4 Nf8 13. Bxd6 Qxd6 14. Rad1 Be6
15. c4 Kh8 16. Be4 Qc7 17. b3 Rac8 18. Nc3 b5 19. Qd3 bxc4 20. bxc4 Qa5 21. Rc1
f5 22. Bf3 Qa6 23. d5 cxd5 24. Bxd5 Bxd5 25. Nxd5 Qe6 26. Qd4 Ng6 27. Rc3 Qd7
28. f3 Re2 29. Rf2 Re1+ 30. Rf1 Rxf1+ 31. Kxf1 a5 32. Qf2 Re8 33. Rc1 Qd6 34.
Kg1 Rc8 35. Nb6 Rc5 36. Na4 Qf4 37. Qc2 Rc8 38. c5 Ne5 39. Rd1 Nc6 40. Nb6 Re8
41. Nd5 Qe5 42. f4 Nd4 43. fxe5 Nxc2 44. c6 Na3 45. Nf6 1-0

[ePGN "0.1;DGT LiveChess/2.2.6"]

[Event "Pobeskydi 2024"]
[Site "Frydek-Mistek, Czech Republic"]
[Date "2024.04.01"]
[Round "9.1"]
[White "Turcan, Richard"]
[Black "Brejnik, Gustav"]
[Result "1-0"]
[WhiteElo "2366"]
[BlackElo "2265"]
[PlyCount "119"]
[EventDate "2024.??.??"]

1. e4 c6 2. Nf3 d5 3. d3 Qc7 4. Be2 Bg4 5. h3 Bxf3 6. Bxf3 e6 7. O-O Nf6 8.
exd5 cxd5 9. c4 dxc4 10. Qa4+ Nbd7 11. Nc3 Be7 12. Qxc4 Rc8 13. Qxc7 Rxc7 14.
Bf4 e5 15. Be3 a6 16. d4 exd4 17. Bxd4 Bc5 18. Rfe1+ Kd8 19. Rad1 Bxd4 20. Rxd4
Re8 21. Red1 Kc8 22. g3 Ne5 23. Be2 Rd7 24. Rxd7 Nexd7 25. Bc4 Re7 26. Kg2 Kc7
27. f4 h5 28. Kf3 Kc6 29. g4 hxg4+ 30. hxg4 g5 31. Bd5+ Kc7 32. fxg5 Ne5+ 33.
Kf4 Ng6+ 34. Kg3 Re3+ 35. Bf3 Ne5 36. Rf1 Nxf3 37. Rxf3 Rxf3+ 38. Kxf3 Nd7 39.
Ke4 Kd6 40. Kf5 Kc5 41. Ne4+ Kc6 42. g6 fxg6+ 43. Kxg6 Ne5+ 44. Kf5 Nf3 45. Ke6
a5 46. g5 Nxg5+ 47. Nxg5 Kc5 48. Ke5 Kc4 49. Ke4 a4 50. Nf3 a3 51. Nd2+ Kb4 52.
Kd3 axb2 53. Nb1 b5 54. Kc2 Ka4 55. Kxb2 b4 56. Nd2 Kb5 57. Kb3 Ka5 58. Nc4+
Kb5 59. Ne3 Ka5 60. Nc2 1-0

[Event "Pobeskydi 2024"]
[Site "Frydek-Mistek, Czech Republic"]
[Date "2024.04.01"]
[Round "9.5"]
[White "Staniczek, Kacper"]
[Black "Stevik, Patrik"]
[Result "0-1"]
[WhiteElo "1729"]
[BlackElo "2167"]
[PlyCount "60"]
[EventDate "2024.??.??"]

1. e4 g6 2. d4 Bg7 3. Nc3 d6 4. Be3 a6 5. Qd2 b5 6. f3 Bb7 7. O-O-O Nd7 8. h4
h5 9. Nh3 Ngf6 10. Nf2 Rc8 11. Nd3 Nb6 12. Nf4 e6 13. Be2 Qe7 14. Nh3 d5 15.
Bg5 dxe4 16. fxe4 b4 17. Nb1 Bxe4 18. Bxa6 Ra8 19. Bd3 Bxd3 20. Qxd3 Rxa2 21.
Rhf1 Nbd5 22. Nf4 Qd7 23. Qb3 Qa4 24. Nxd5 Nxd5 25. Rf3 O-O 26. Qxa4 Rxa4 27.
c3 bxc3 28. bxc3 c5 29. dxc5 Rc8 30. Be3 Nxe3 0-1

[Event "Pobeskydi 2024"]
[Site "Frydek-Mistek, Czech Republic"]
[Date "2024.04.01"]
[Round "9.6"]
[White "Jires, Jiri"]
[Black "Bulej, Matej"]
[Result "1-0"]
[WhiteElo "2153"]
[BlackElo "2057"]
[PlyCount "139"]
[EventDate "2024.??.??"]

1. d4 d5 2. c4 dxc4 3. e3 e5 4. Bxc4 exd4 5. exd4 Nf6 6. Qb3 Qe7+ 7. Ne2 Qb4+
8. Nbc3 Qxb3 9. Bxb3 c6 10. Bf4 Be7 11. O-O O-O 12. Rac1 Nbd7 13. d5 cxd5 14.
Nxd5 Nxd5 15. Bxd5 Bf6 16. b3 Be5 17. Bxe5 Nxe5 18. Rc7 Bf5 19. Bxb7 Rad8 20.
Ng3 Bd3 21. Rfc1 Bg6 22. Be4 a6 23. Bxg6 hxg6 24. R7c2 Nd3 25. Rd1 Nb4 26. Rcd2
Rxd2 27. Rxd2 Rc8 28. Ne2 Kf8 29. f3 Ke7 30. Kf2 Rc5 31. a3 Nc2 32. a4 Rc6 33.
Nd4 Nxd4 34. Rxd4 Rc2+ 35. Kg3 a5 36. Rd5 Rb2 37. Rb5 Kf6 38. h4 Ke6 39. Kh3
Rb1 40. Kg4 Rb2 41. g3 Rb1 42. Kf4 Kd6 43. g4 Rb2 44. Ke4 Rb1 45. Kd3 Rf1 46.
Ke2 Rb1 47. Kd2 Rb2+ 48. Ke3 Rc2 49. Ke4 Rb2 50. Kf4 Rb1 51. Kg5 Rb2 52. f4 Rb1
53. Rxa5 Rxb3 54. Ra7 Ke6 55. f5+ gxf5 56. gxf5+ Ke5 57. Re7+ Kd6 58. Rxf7 Rg3+
59. Kf4 Rg1 60. a5 Rf1+ 61. Kg5 Rg1+ 62. Kh5 Ra1 63. Kg6 Rg1+ 64. Kh7 Rh1 65.
a6 Rxh4+ 66. Kxg7 Ra4 67. a7 Ke5 68. Kf8 Ra6 69. Ke8 Ra4 70. Kd8 1-0

[Event "Pobeskydi 2024"]
[Site "Frydek-Mistek, Czech Republic"]
[Date "2024.04.01"]
[Round "9.3"]
[White "Walek, Petr"]
[Black "Swicarz, Maciej"]
[Result "0-1"]
[WhiteElo "2272"]
[BlackElo "2251"]
[PlyCount "106"]
[EventDate "2024.??.??"]

1. e4 c5 2. Nf3 d6 3. d4 cxd4 4. Nxd4 Nf6 5. Nc3 a6 6. Be2 e5 7. Nb3 Be7 8. Bg5
Be6 9. Bxf6 Bxf6 10. Qd3 O-O 11. O-O-O Be7 12. Kb1 a5 13. Nd5 Bxd5 14. Qxd5 a4
15. Nd2 Nc6 16. c3 Ra5 17. Qc4 a3 18. b4 Ra8 19. Qd3 Qc7 20. Nc4 Rfc8 21. Ne3
Bf8 22. Bg4 Rd8 23. Nd5 Qb8 24. h4 Ne7 25. Ne3 Ra6 26. h5 b5 27. Rh3 Rc6 28.
Rc1 Qb6 29. Be2 Qc7 30. Rf3 g6 31. Nd5 Nxd5 32. Qxd5 Rb8 33. Bd1 Bh6 34. Bb3
Rf8 35. Rc2 Rb6 36. hxg6 hxg6 37. Qd1 Qe7 38. Rg3 Kg7 39. Qg4 Rb7 40. Re2 Rc7
41. Bd5 Rh8 42. Kc2 Qf6 43. Rh3 Qd8 44. Re1 Qb8 45. Qe2 Qa7 46. Bb3 Qd4 47. Rd1
Qxb4 48. Rdd3 Rhc8 49. Qg4 d5 50. Qh4 Bf4 51. Qh7+ Kf6 52. Bxd5 Rxc3+ 53. Rxc3
Qb2+ 0-1

[Event "Pobeskydi 2024"]
[Site "Frydek-Mistek, Czech Republic"]
[Date "2024.04.01"]
[Round "9.2"]
[White "Kanakova, Natalie"]
[Black "Mica, Marek"]
[Result "1/2-1/2"]
[WhiteElo "2180"]
[BlackElo "2368"]
[PlyCount "50"]
[EventDate "2024.??.??"]

1. e4 c5 2. Nf3 Nc6 3. d4 cxd4 4. Nxd4 g6 5. c4 Nf6 6. Nc3 d6 7. Be2 Nxd4 8.
Qxd4 Bg7 9. Be3 O-O 10. Qd2 a5 11. O-O a4 12. Rab1 Bd7 13. f4 Bc6 14. Bf3 Qa5
15. b4 axb3 16. axb3 Qb4 17. e5 Bxf3 18. Rxf3 dxe5 19. fxe5 Ng4 20. Nd5 Qxd2
21. Nxe7+ Kh8 22. Bxd2 Nxe5 23. Rff1 Nd3 24. Nd5 Bd4+ 25. Be3 Bxe3+ 1/2-1/2

[Event "Pobeskydi 2024"]
[Site "Frydek-Mistek, Czech Republic"]
[Date "2024.04.01"]
[Round "9.8"]
[White "Tolmacevs, Artjoms"]
[Black "Marjanovic, Alex"]
[Result "1-0"]
[WhiteElo "2028"]
[BlackElo "2020"]
[PlyCount "29"]
[EventDate "2024.??.??"]

1. e4 c6 2. d4 d5 3. e5 c5 4. dxc5 e6 5. a3 Bxc5 6. b4 Be7 7. Nf3 f6 8. Bb2 a5
9. Nd4 axb4 10. Bb5+ Kf7 11. O-O Bd7 12. Bxd7 Qxd7 13. Re1 f5 14. Nxf5 Nc6 15.
Qf3 1-0